Моделирование щелевого поперечного сечения каналов для истечения резиновой смеси; Научные труды; Сб. 7

Bibliographic Details
Parent link:Научные труды: [сборник]/ Московский технологический институт легкой промышленности (МТИЛП).— , 1954-
Сб. 7.— 1956.— С. 92-99
Main Author: Барш К. Н.
Other Authors: Майзель М. М.
Language:Russian
Published: 1956
Format: Book Chapter
KOHA link:https://koha.lib.tpu.ru/cgi-bin/koha/opac-detail.pl?biblionumber=197721

MARC

LEADER 00000naa2a2200000 4500
001 197721
005 20231031183536.0
035 |a (RuTPU)RU\TPU\book\215675 
035 |a RU\TPU\book\215674 
090 |a 197721 
100 |a 20110616d1956 k y0rusy50 ca 
101 0 |a rus 
102 |a RU 
200 1 |a Моделирование щелевого поперечного сечения каналов для истечения резиновой смеси  |f К. Н. Барш, М. М. Майзель 
461 0 |0 (RuTPU)RU\TPU\book\215279  |t Научные труды  |o [сборник]  |f Московский технологический институт легкой промышленности (МТИЛП)  |d 1954- 
463 0 |0 (RuTPU)RU\TPU\book\215594  |t Сб. 7  |f под ред. В. Н. Цветкова, Л. П. Гайдарова  |v С. 92-99  |d 1956  |p 336 с. 
700 1 |a Барш  |b К. Н. 
701 1 |a Майзель  |b М. М. 
801 1 |a RU  |b 63413507  |c 20110616 
801 2 |a RU  |b 63413507  |c 20110616  |g RCR 
942 |c BK